Normal view
MARC view
- Dr. Tauseef Ahmad Rana
Entry Personal Name
001 - CONTROL NUMBER
- control field: 35096
003 - CONTROL NUMBER IDENTIFIER
- control field: NUST
005 - DATE AND TIME OF LATEST TRANSACTION
- control field: 20201110160552.0
008 - FIXED-LENGTH DATA ELEMENTS
- fixed length control field: 201110|| aca||aabn | a|a d
040 ## - CATALOGING SOURCE
- Original cataloging agency: NUST
- Transcribing agency: NUST
100 ## - HEADING--PERSONAL NAME
- Personal name: Dr. Tauseef Ahmad Rana
670 ## - SOURCE DATA FOUND
- Source citation: Work cat.: (NUST): Khurshid, Sundus 35094, Formalization to Migrate a System from Object Oriented Architecture to Service Oriented Architecture / , 2017
